Normal view
MARC view
- MICROELECTRONIC SYSTEMS PIC 16F84 MICROCONTROLLER MICROCONTROLLER-THE PIC 16F84
Entry Topical Term
001 - CONTROL NUMBER
- control field: 58375
003 - CONTROL NUMBER IDENTIFIER
- control field: NUST
005 - DATE AND TIME OF LATEST TRANSACTION
- control field: 20210628202128.0
008 - FIXED-LENGTH DATA ELEMENTS
- fixed length control field: 210628|| aca||aabn | a|a d
040 ## - CATALOGING SOURCE
- Original cataloging agency: NUST
- Transcribing agency: NUST
150 ## - HEADING--TOPICAL TERM
- Topical term or geographic name entry element: MICROELECTRONIC SYSTEMS PIC 16F84 MICROCONTROLLER MICROCONTROLLER-THE PIC 16F84
670 ## - SOURCE DATA FOUND
- Source citation: Work cat.: (NUST): Bates, Martin 58374, Introduction to microelectronic systems, the pic 16f84 microcontroller, 2000
